| 000 | 00531nam a2200193Ia 4500 | ||
|---|---|---|---|
| 003 | GCL | ||
| 008 | 140319s9999 xx 000 0 ara d | ||
| 040 |
_aGCL / _cGCL |
||
| 082 | 0 | 4 |
_a631.6 _bج ث |
| 100 | 1 | _aجرجس حلمى عازر | |
| 245 | 1 | 0 |
_aالثورة الخضراء: امل مصر / _cجرجس حلمى عازر |
| 300 | _a271 ص | ||
| 490 |
_aالعلم والحياة _v0 |
||
| 650 | 0 | 4 | _aمصر |
| 650 | 0 | 4 | _aالزراعة |
| 650 | 0 | 4 | _aاستصلاح الاراضى |
| 650 | 0 | 4 | _aالرى |
| 942 |
_2ddc _cBK |
||
| 999 |
_c49274 _d49274 |
||